| 000 | 01107cam a2200265 i 4500 | ||
|---|---|---|---|
| 003 | SA-RiAUC | ||
| 005 | 20241114080101.0 | ||
| 008 | 241113s2015____su g 000 0 ara c | ||
| 020 | _a9786038175262 | ||
| 040 |
_aSA-RiKAPL _bara _cSA-RiAUC _erda |
||
| 082 | 0 | 4 |
_a227.6 _qSA-RiAUC |
| 090 |
_a227.6 _bج م ا |
||
| 245 | 0 | 2 |
_aالمختصر في تفسير القرآن الكريم / _cتصنيف جماعة من علماء التفسير ؛ إشراف مركز تفسير للدراسات القرآنية. |
| 250 | _aالطبعة الثالثة، مصححة ومزيدة. | ||
| 264 | 1 |
_aالرياض : _bمركز تفسير للدراسات القرآنية، _c[2015] |
|
| 300 |
_a604 صفحة ؛ _c24 سم |
||
| 336 |
_aنص _btxt _2rdacontent _3كتاب |
||
| 337 |
_aبدون وسيط _bn _2rdamedia |
||
| 338 |
_aمجلد _bnc _2rdacarrier |
||
| 630 | 2 | 7 |
_aالقرآن _xتفاسير حديثة _2aucut |
| 710 | 2 |
_aمركز تفسير للدراسات القرآنية (الرياض) _eمشرف. |
|
| 730 | 2 | 2 | _aالقرآن |
| 942 |
_2ddc _cBOOK _n0 |
||
| 949 |
_aSA-JeALM _d241113 _umohamedma123 _n1 |
||
| 999 |
_c2364 _d2364 |
||